[Event "BCF-chT4 0607 (4NCL)"]
[Site "Sunningdale"]
[Date "2007.05.26"]
[Round "9.152"]
[White "Paul, Barnaby J"]
[Black "White, Ian Graham"]
[Result "1/2-1/2"]
[WhiteElo "1560"]
[BlackElo "2044"]
[PlyCount "75"]
[EventDate "2006.09.16"]
[EventType "team"]
[EventRounds "11"]
[EventCountry "ENG"]
[SourceTitle "EXT 2008"]
[Source "ChessBase"]
[SourceDate "2007.11.25"]
[SourceVersion "1"]
[SourceVersionDate "2007.11.25"]
[SourceQuality "1"]
[WhiteTeam "Conquistadors II"]
[BlackTeam "Pontypridd"]
[WhiteTeamCountry "ENG"]
[BlackTeamCountry "ENG"]

1. e4 e6 2. d4 d5 3. e5 c5 4. c3 Nc6 5. Nf3 cxd4 6. cxd4 Qb6 7. Be2 Bd7 8. 0-0 Nge7 9. Na3 Ng6 10. Nc2 Be7 11. Rb1 f6 12. exf6 Bxf6 13. Be3 0-0 14. Qd2 Rac8 15. b4 Nce7 16. Rfc1 Bb5 17. Bxb5 Qxb5 18. Bg5 Rc6 19. Bxf6 gxf6 20. Na3 Rxc1+ 21. Rxc1 Qa4 22. Nb1 Rc8 23. Rxc8+ Nxc8 24. a3 Nd6 25. Qe3 Qd1+ 26. Qe1 Qxe1+ 27. Nxe1 Kf7 28. f3 Ne7 29. Nd2 e5 30. Nc2 Ke6 31. g4 Nc4 32. Nb3 b6 33. Kf2 Nc6 34. Ke2 f5 35. dxe5 Kxe5 36. gxf5 Kxf5 37. Ncd4+ Nxd4+ 38. Nxd4+ 1/2-1/2

[Event "BCF-chT4 0607 (4NCL)"]
[Site "Sunningdale"]
[Date "2006.12.02"]
[Round "3.4"]
[White "Stevenson, James"]
[Black "White, Ian Graham"]
[Result "0-1"]
[WhiteElo "2088"]
[BlackElo "2040"]
[PlyCount "140"]
[EventDate "2006.09.16"]
[EventType "team"]
[EventRounds "11"]
[EventCountry "ENG"]
[SourceTitle "EXT 2008"]
[Source "ChessBase"]
[SourceDate "2007.11.25"]
[SourceVersion "1"]
[SourceVersionDate "2007.11.25"]
[SourceQuality "1"]
[WhiteTeam "Athenaeum"]
[BlackTeam "Pontypridd"]
[WhiteTeamCountry "ENG"]
[BlackTeamCountry "ENG"]

1. e4 e6 2. d4 d5 3. Nd2 c5 4. exd5 exd5 5. Ngf3 Nc6 6. Bb5 Bd6 7. dxc5 Bxc5 8. 0-0 Nge7 9. Nb3 Bb6 10. Be3 0-0 11. Qd2 a6 12. Be2 f6 13. Rad1 Be6 14. Nfd4 Bf7 15. Bg4 Bxd4 16. Nxd4 Qd6 17. Bf4 Ne5 18. Rfe1 N7g6 19. Bh3 Rfe8 20. Bg3 Qb6 21. b3 Rad8 22. Kh1 Nc6 23. Ne6 Ra8 24. Nc7 Rxe1+ 25. Rxe1 Rd8 26. Ne6 Re8 27. f4 Nge7 28. Bf2 d4 29. Bxd4 Nxd4 30. Qxd4 Qa5 31. b4 Nc6 32. bxa5 Nxd4 33. f5 g6 34. g4 h5 35. Bg2 gxf5 36. gxf5 Nxf5 37. Bd5 Ng7 38. Bxb7 Bxe6 39. Rf1 f5 40. Bxa6 Bd5+ 41. Kg1 Ra8 42. Bd3 Rxa5 43. Bxf5 Bxa2 44. Bd3 Rc5 45. Kf2 Be6 46. Ke3 Bc4 47. Rf2 Bxd3 48. Kxd3 Ne6 49. Ke4 Kg7 50. Rg2+ Kf6 51. Rd2 Re5+ 52. Kf3 Kf5 53. Rd7 Rc5 54. Rd2 Rc3+ 55. Ke2 Ke4 56. Kd1 Nd4 57. Rg2 Rh3 58. c4 Rd3+ 59. Ke1 Kf3 60. Rg3+ Ke4 61. Rxd3 Kxd3 62. Kf2 Kxc4 63. Kg3 Ne6 64. Kh4 Ng7 65. Kg5 Kd3 66. Kg6 Ke3 67. Kxg7 h4 68. Kg6 Kf3 69. Kg5 h3 70. Kf5 Kg2 0-1

[Event "Torquay op"]
[Site "Torquay"]
[Date "2006.11.26"]
[Round "4"]
[White "Waterfield, John"]
[Black "White, Ian Graham"]
[Result "1/2-1/2"]
[WhiteElo "1888"]
[BlackElo "1848"]
[PlyCount "58"]
[EventDate "2006.11.24"]
[EventType "swiss"]
[EventRounds "5"]
[EventCountry "ENG"]
[SourceTitle "EXT 2008"]
[Source "ChessBase"]
[SourceDate "2007.11.25"]
[SourceVersion "1"]
[SourceVersionDate "2007.11.25"]
[SourceQuality "1"]

1. e4 e6 2. d4 d5 3. Nc3 Bb4 4. Bd2 dxe4 5. Qg4 Nf6 6. Qxg7 Rg8 7. Qh6 Rg6 8. Qe3 Nc6 9. Nge2 Bxc3 10. Bxc3 b6 11. Nf4 Rg8 12. 0-0-0 Bb7 13. Bc4 Nd5 14. Qxe4 Nxc3 15. bxc3 Qd6 16. d5 Ne7 17. Bb5+ Kf8 18. Bc4 Qa3+ 19. Kb1 Qxc3 20. Qe2 Qb4+ 21. Ka1 Qc3+ 22. Kb1 b5 23. d6 bxc4 24. dxe7+ Kxe7 25. Qd2 Qxd2 26. Rxd2 Rab8 27. Kc1 Bxg2 28. Re1 Bc6 29. Re5 Rb4 1/2-1/2

[Event "Torquay op"]
[Site "Torquay"]
[Date "2006.11.26"]
[Round "5"]
[White "White, Ian Graham"]
[Black "Kneebone, Jeremy"]
[Result "1/2-1/2"]
[WhiteElo "1848"]
[BlackElo "1776"]
[PlyCount "71"]
[EventDate "2006.11.24"]
[EventType "swiss"]
[EventRounds "5"]
[EventCountry "ENG"]
[SourceTitle "EXT 2008"]
[Source "ChessBase"]
[SourceDate "2007.11.25"]
[SourceVersion "1"]
[SourceVersionDate "2007.11.25"]
[SourceQuality "1"]

1. Nf3 Nf6 2. g3 c5 3. Bg2 Nc6 4. d4 e6 5. 0-0 cxd4 6. Nxd4 Bc5 7. Nb3 Bb6 8. Nc3 d5 9. e4 d4 10. Na4 Bc7 11. c3 dxc3 12. Nxc3 0-0 13. Be3 Ne5 14. Nb5 Bb6 15. Qxd8 Rxd8 16. Bxb6 axb6 17. Rfd1 Bd7 18. Nd6 Bc6 19. h3 g5 20. f4 gxf4 21. gxf4 Ng6 22. f5 exf5 23. exf5 Bxg2 24. Kxg2 Nf4+ 25. Kg3 Rxd6 26. Rxd6 Ne4+ 27. Kxf4 Nxd6 28. Rg1+ Kf8 29. a3 Ra4+ 30. Kg5 Re4 31. f6 Re5+ 32. Kg4 Rf5 33. Rc1 Rxf6 34. Nd4 Ke7 35. b4 Kd7 36. Re1 1/2-1/2

[Event "Torquay op"]
[Site "Torquay"]
[Date "2006.11.25"]
[Round "2"]
[White "Abbott, Mark V"]
[Black "White, Ian Graham"]
[Result "1-0"]
[WhiteElo "1888"]
[BlackElo "1848"]
[PlyCount "101"]
[EventDate "2006.11.24"]
[EventType "swiss"]
[EventRounds "5"]
[EventCountry "ENG"]
[SourceTitle "EXT 2008"]
[Source "ChessBase"]
[SourceDate "2007.11.25"]
[SourceVersion "1"]
[SourceVersionDate "2007.11.25"]
[SourceQuality "1"]

1. d4 Nf6 2. c4 e6 3. Nc3 Bb4 4. e3 0-0 5. Bd3 c5 6. a3 Bxc3+ 7. bxc3 d6 8. Ne2 Nc6 9. 0-0 e5 10. e4 b6 11. f4 Bg4 12. d5 Na5 13. fxe5 dxe5 14. Bg5 Qd6 15. Bxf6 gxf6 16. Qe1 Bxe2 17. Bxe2 Kh8 18. Qh4 Rg8 19. Rxf6 Qe7 20. Raf1 Rg7 21. Qf2 Rag8 22. g3 Nb7 23. Rxf7 Rxf7 24. Qxf7 Qxf7 25. Rxf7 Nd6 26. Rxa7 Nxe4 27. Bd3 Nf6 28. Re7 Re8 29. Rxe8+ Nxe8 30. Kf2 Kg7 31. Kf3 Nd6 32. Kg4 Kf6 33. Bxh7 Nxc4 34. Bd3 Ne3+ 35. Kf3 Nxd5 36. c4 Ne7 37. h4 Nc6 38. g4 Nd4+ 39. Ke4 Ke6 40. Ke3 Kf7 41. Bf5 b5 42. cxb5 Nxb5 43. a4 Nd6 44. Bd3 c4 45. Bc2 c3 46. Kd3 Ke6 47. Kxc3 Kd5 48. h5 e4 49. h6 Ke5 50. h7 Nf7 51. a5 1-0

[Event "South Wales op 2nd"]
[Site "Caerleon"]
[Date "2005.07.12"]
[Round "6"]
[White "Helbig, Paul"]
[Black "White, Ian Graham"]
[Result "1-0"]
[WhiteElo "2184"]
[BlackElo "2062"]
[PlyCount "71"]
[EventDate "2005.07.09"]
[EventType "swiss"]
[EventRounds "9"]
[EventCountry "WLS"]
[SourceTitle "CBM 107 Extra"]
[Source "ChessBase"]
[SourceDate "2005.09.01"]
[SourceVersion "1"]
[SourceVersionDate "2005.09.01"]
[SourceQuality "1"]

1. e4 e6 2. d4 d5 3. Nc3 Bb4 4. e5 c5 5. a3 Ba5 6. Bd2 cxd4 7. Nb5 Nc6 8. Bxa5 Qxa5+ 9. Qd2 Qd8 10. f4 a6 11. Nd6+ Kf8 12. Nf3 f6 13. 0-0-0 Nh6 14. Nxd4 Nxd4 15. Qxd4 Nf7 16. Nxf7 Kxf7 17. c4 Qc7 18. Kb1 Rd8 19. Be2 Ke7 20. Qd3 f5 21. Qh3 h6 22. cxd5 exd5 23. Rc1 Qb6 24. Bd3 Rf8 25. e6 Bxe6 26. Rhe1 Kd6 27. Qg3 Qd4 28. Re5 Rf6 29. Qxg7 Qxd3+ 30. Ka1 Rf7 31. Rxe6+ Kxe6 32. Qe5+ Kd7 33. Rc7+ Kd8 34. Qd6+ Ke8 35. Qe6+ Kd8 36. Qxf7 1-0

[Event "BCF-chT4b 0405 (4NCL)"]
[Site "Telford"]
[Date "2005.05.30"]
[Round "11.3"]
[White "Llewellyn, John D"]
[Black "White, Ian Graham"]
[Result "0-1"]
[WhiteElo "1775"]
[BlackElo "2033"]
[PlyCount "128"]
[EventDate "2004.11.06"]
[EventType "team"]
[EventRounds "11"]
[EventCountry "ENG"]
[SourceTitle "EXT 2006"]
[Source "ChessBase"]
[SourceDate "2005.11.24"]
[SourceVersion "1"]
[SourceVersionDate "2005.11.24"]
[SourceQuality "1"]
[WhiteTeam "Halesowen"]
[BlackTeam "Pontypridd"]
[WhiteTeamCountry "ENG"]
[BlackTeamCountry "ENG"]

1. e4 e6 2. d3 d5 3. Nd2 Nf6 4. g3 c5 5. Bg2 Nc6 6. Ngf3 Be7 7. 0-0 0-0 8. Re1 b6 9. c3 Qc7 10. Qe2 Ba6 11. e5 Nd7 12. Nf1 Rad8 13. Bf4 Rfe8 14. h4 b5 15. N1h2 Nf8 16. Bh3 d4 17. Ng5 Bxg5 18. Bxg5 Rd7 19. Bf6 Ng6 20. h5 gxf6 21. hxg6 Nxe5 22. gxh7+ Kxh7 23. Qh5+ Kg7 24. Bg2 Rh8 25. Qe2 Bb7 26. f4 Ng6 27. Nf3 dxc3 28. bxc3 Rhd8 29. Red1 Qa5 30. Rac1 Qa3 31. Ne1 Bxg2 32. Kxg2 Ne7 33. Nf3 Nd5 34. Qd2 b4 35. cxb4 cxb4 36. Nd4 Ne3+ 37. Qxe3 Rxd4 38. Qe2 Rxd3 39. Rxd3 Qxd3 40. Qxd3 Rxd3 41. Kh3 a5 42. Rc5 Ra3 43. Rc2 Kg6 44. Kg4 e5 45. f5+ Kg7 46. Re2 Rd3 47. Rb2 Rd4+ 48. Kf3 a4 49. Ke3 Kh6 50. Kf3 Kg5 51. Rc2 Kxf5 52. Rc7 Rd2 53. Rb7 b3 54. axb3 Rd3+ 55. Kf2 axb3 56. Rxf7 e4 57. Rb7 Rf3+ 58. Kg2 Ke5 59. Re7+ Kd4 60. Rb7 f5 61. Rd7+ Kc3 62. Rc7+ Kd2 63. Rd7+ Kc2 64. Rc7+ Rc3 0-1

[Event "WLS-ch"]
[Site "Cardiff"]
[Date "2005.03.27"]
[Round "4"]
[White "White, Ian Graham"]
[Black "Spice, Alan"]
[Result "1-0"]
[WhiteElo "2033"]
[BlackElo "2182"]
[PlyCount "145"]
[EventDate "2005.03.25"]
[EventType "swiss"]
[EventRounds "7"]
[EventCountry "WLS"]
[SourceTitle "EXT 2006"]
[Source "ChessBase"]
[SourceDate "2005.11.24"]
[SourceVersion "1"]
[SourceVersionDate "2005.11.24"]
[SourceQuality "1"]

1. e4 e6 2. d4 d5 3. Nd2 Nc6 4. c3 dxe4 5. Nxe4 Nf6 6. Nxf6+ Qxf6 7. Nf3 h6 8. Bd3 Bd6 9. Qe2 0-0 10. 0-0 Bd7 11. Qe4 Qf5 12. Qxf5 exf5 13. Bd2 g5 14. Rfe1 Rfe8 15. Rxe8+ Rxe8 16. Re1 Rxe1+ 17. Nxe1 Ne7 18. c4 Ng6 19. Nc2 Kg7 20. Bc3 Nf4 21. Bf1 Kg6 22. Ne3 g4 23. g3 Nh5 24. Bd3 Kg5 25. c5 Bf8 26. Bd2 f4 27. Nd5 c6 28. Nxf4 Nxf4 29. Bxf4+ Kf6 30. Be5+ Kg5 31. Kg2 Bf5 32. Bc4 Be4+ 33. Kf1 f6 34. Bb8 a6 35. Ke2 h5 36. Ke3 Kf5 37. Bf4 Bd5 38. Bd3+ Ke6 39. Bh7 Kf7 40. a3 Be6 41. Bd3 Bg7 42. Kd2 Bd5 43. Kc3 Ke6 44. Bg6 f5 45. Bxh5 Be4 46. b4 Bd5 47. Kd3 Be4+ 48. Ke3 Bd5 49. Bg5 Bg2 50. Bg6 Be4 51. Bh7 Kf7 52. Kf4 Ke6 53. Bg8+ Kd7 54. Ke3 Bg2 55. Bc4 Be4 56. Bf4 Bg2 57. a4 Bh8 58. b5 axb5 59. axb5 Be4 60. b6 Bd5 61. Bd3 Be6 62. Bf1 Ke7 63. Bg2 Kd7 64. h3 Bc4 65. hxg4 fxg4 66. Be4 Bd5 67. Bf5+ Be6 68. Bxe6+ Kxe6 69. Ke4 Bf6 70. Be3 Bg7 71. f3 gxf3 72. g4 Bf6 73. Kxf3 1-0

[Event "Monmouth op"]
[Site "Monmouth"]
[Date "2004.07.??"]
[Round "4"]
[White "White, Ian Graham"]
[Black "White, Ernest Michael"]
[Result "1-0"]
[WhiteElo "2018"]
[BlackElo "2028"]
[PlyCount "85"]
[EventDate "2004.??.??"]
[EventType "swiss"]
[EventRounds "5"]
[EventCountry "WLS"]
[SourceTitle "EXT 2007"]
[Source "ChessBase"]
[SourceDate "2006.11.23"]
[SourceVersion "1"]
[SourceVersionDate "2006.11.23"]
[SourceQuality "1"]

1. e4 g6 2. d4 Bg7 3. c3 d6 4. Be3 Nf6 5. f3 Nc6 6. Na3 0-0 7. Qd2 a6 8. Nc2 e5 9. d5 Ne7 10. Bh6 Ne8 11. Bxg7 Kxg7 12. g4 Ng8 13. 0-0-0 c5 14. Ne2 b5 15. Ng3 f6 16. Kb1 Kf7 17. Be2 Ng7 18. Rdf1 Ke7 19. f4 Kd7 20. fxe5 fxe5 21. Rxf8 Qxf8 22. Rf1 Qe8 23. Bd1 Bb7 24. Qf2 Ne7 25. Qf6 Qg8 26. g5 Re8 27. Ne3 Kc7 28. Ng4 Nc8 29. Nh6 Qh8 30. Bg4 a5 31. Bxc8 Bxc8 32. Nf7 Qf8 33. Nxd6 Qxd6 34. Qxg7+ Re7 35. Rf7 Rxf7 36. Qxf7+ Kb6 37. Qxh7 c4 38. Qf7 Qc5 39. Qxg6+ Ka7 40. Qf7+ Bb7 41. Qf1 b4 42. Ne2 Qe3 43. Qg1 1-0

[Event "WLS-ch 50th"]
[Site "Cardiff"]
[Date "2004.04.11"]
[Round "5"]
[White "White, Ian Graham"]
[Black "Rayner, Francis"]
[Result "1/2-1/2"]
[WhiteElo "2018"]
[BlackElo "2263"]
[PlyCount "82"]
[EventDate "2004.04.09"]
[EventType "swiss"]
[EventRounds "7"]
[EventCountry "WLS"]
[SourceTitle "EXT 2006"]
[Source "ChessBase"]
[SourceDate "2005.11.24"]
[SourceVersion "1"]
[SourceVersionDate "2005.11.24"]
[SourceQuality "1"]

1. e4 c5 2. c3 d6 3. d4 Nf6 4. Bd3 g6 5. Nf3 Bg7 6. 0-0 0-0 7. Nbd2 cxd4 8. cxd4 Nc6 9. Nb3 a5 10. Be3 Bg4 11. Nbd2 e5 12. d5 Nb4 13. Bb1 Bd7 14. a3 Na6 15. Bd3 Ng4 16. Bg5 f6 17. Bh4 g5 18. Bg3 h5 19. h3 h4 20. Bh2 Nh6 21. Nc4 Nc5 22. Bc2 Bb5 23. Nfd2 a4 24. Re1 Qe7 25. Re3 f5 26. f3 g4 27. fxg4 fxg4 28. hxg4 Qg5 29. Rf3 Nxg4 30. Qe1 Rf6 31. Rxf6 Qxf6 32. Qf1 Rf8 33. Qxf6 Rxf6 34. Re1 Bh6 35. Bb1 Rf2 36. Rd1 h3 37. gxh3 Rxh2 38. hxg4 Re2 39. Nxd6 Be3+ 40. Kh1 Bd3 41. Nf1 Bxb1 1/2-1/2

[Event "WLS-ch 50th"]
[Site "Cardiff"]
[Date "2004.04.10"]
[Round "2"]
[White "White, Ian Graham"]
[Black "Gwynne, David"]
[Result "1/2-1/2"]
[WhiteElo "2018"]
[BlackElo "2023"]
[PlyCount "52"]
[EventDate "2004.04.09"]
[EventType "swiss"]
[EventRounds "7"]
[EventCountry "WLS"]
[SourceTitle "EXT 2006"]
[Source "ChessBase"]
[SourceDate "2005.11.24"]
[SourceVersion "1"]
[SourceVersionDate "2005.11.24"]
[SourceQuality "1"]

1. e4 e5 2. Bc4 Nf6 3. d3 h6 4. Nf3 d6 5. 0-0 Nbd7 6. c3 b6 7. Nbd2 Be7 8. Re1 0-0 9. Nf1 Nc5 10. b4 Nb7 11. Ng3 Be6 12. Bxe6 fxe6 13. Qb3 Qd7 14. d4 Ng4 15. h3 Nxf2 16. Kxf2 Bh4 17. dxe5 dxe5 18. c4 Rf6 19. Qc3 Raf8 20. Qxe5 Qf7 21. Re3 Qg6 22. Bb2 R8f7 23. Qc3 Bxg3+ 24. Kg1 Bf4 25. Re2 Qg3 26. Qe1 Rg6 1/2-1/2

[Event "WLS-ch 50th"]
[Site "Cardiff"]
[Date "2004.04.09"]
[Round "1"]
[White "Zeidler, Sven P"]
[Black "White, Ian Graham"]
[Result "1-0"]
[WhiteElo "2233"]
[BlackElo "2018"]
[PlyCount "87"]
[EventDate "2004.04.09"]
[EventType "swiss"]
[EventRounds "7"]
[EventCountry "WLS"]
[SourceTitle "EXT 2006"]
[Source "ChessBase"]
[SourceDate "2005.11.24"]
[SourceVersion "1"]
[SourceVersionDate "2005.11.24"]
[SourceQuality "1"]

1. e4 e6 2. d4 d5 3. exd5 exd5 4. Nf3 Bd6 5. c4 dxc4 6. Bxc4 Nf6 7. 0-0 0-0 8. Bg5 Nbd7 9. Nc3 Nb6 10. Bb3 Bf5 11. Re1 h6 12. Bh4 c6 13. Ne5 Be7 14. Qf3 Bh7 15. Rad1 Qc7 16. Rc1 Qd8 17. Qe3 Bb4 18. a3 Bxc3 19. bxc3 g5 20. Bxg5 hxg5 21. Qxg5+ Kh8 22. Nxf7+ Rxf7 23. Bxf7 Ng8 24. f4 Nd5 25. Qe5+ Qf6 26. Bxd5 cxd5 27. Qxd5 Qxf4 28. g3 Qc7 29. Qg5 Rf8 30. Rf1 Rxf1+ 31. Rxf1 Bd3 32. Rf8 Bc4 33. Rf4 Bd3 34. Qh5+ Kg7 35. Rg4+ Kf8 36. Qh8 Qc4 37. Rf4+ Ke8 38. Qh5+ Kd7 39. Qg4+ Kc7 40. Qg7+ Kb6 41. Rf7 Qe6 42. Rxb7+ Kc6 43. Qc7+ Kd5 44. Qd7+ 1-0

[Event "Gibraltar Masters"]
[Site "Catalan Bay"]
[Date "2004.02.03"]
[Round "8"]
[White "White, Ian Graham"]
[Black "Gonzalez Amaya, Milan"]
[Result "0-1"]
[WhiteElo "2018"]
[BlackElo "1920"]
[PlyCount "95"]
[EventDate "2004.01.27"]
[EventType "swiss"]
[EventRounds "10"]
[EventCountry "ENG"]
[SourceTitle "CBM 098 Extra"]
[Source "ChessBase"]
[SourceDate "2004.03.10"]
[SourceVersion "2"]
[SourceVersionDate "2004.03.10"]
[SourceQuality "1"]

1. e4 g6 2. d4 Bg7 3. Nc3 d6 4. Nf3 Nf6 5. h3 0-0 6. Be3 Nbd7 7. e5 Ne8 8. Bc4 Nb6 9. Bb3 d5 10. 0-0 c6 11. Qc1 Kh8 12. Bh6 Qd7 13. Ne2 Nc7 14. c3 a5 15. Bc2 a4 16. Ng3 Nc4 17. b3 axb3 18. Bxg7+ Kxg7 19. axb3 Rxa1 20. Qxa1 Nb6 21. Qa5 Nba8 22. Ne2 b6 23. Qa1 Ba6 24. Re1 Bxe2 25. Rxe2 Ne6 26. g3 Nac7 27. Kg2 Ra8 28. Qe1 Nb5 29. Bd3 Ra5 30. Qd2 Nbc7 31. h4 h5 32. Ng5 Nxg5 33. Qxg5 Ne6 34. Qc1 c5 35. Qb2 cxd4 36. cxd4 Ra8 37. f4 Nxf4+ 38. gxf4 Qg4+ 39. Kf2 Qxh4+ 40. Ke3 Qg3+ 41. Kd2 Qxf4+ 42. Kd1 Qf1+ 43. Kd2 Qf4+ 44. Kd1 h4 45. Rf2 Ra1+ 46. Qxa1 Qxf2 47. Qa4 h3 48. Qd7 0-1

[Event "Gibraltar Masters"]
[Site "Catalan Bay"]
[Date "2004.01.29"]
[Round "3"]
[White "White, Ian Graham"]
[Black "Speck, Nick"]
[Result "1/2-1/2"]
[WhiteElo "2018"]
[BlackElo "2381"]
[PlyCount "124"]
[EventDate "2004.01.27"]
[EventType "swiss"]
[EventRounds "10"]
[EventCountry "ENG"]
[SourceTitle "CBM 098 Extra"]
[Source "ChessBase"]
[SourceDate "2004.03.10"]
[SourceVersion "2"]
[SourceVersionDate "2004.03.10"]
[SourceQuality "1"]

1. e4 c5 2. Nf3 Nc6 3. Bb5 e6 4. 0-0 Nge7 5. c4 a6 6. Ba4 Qc7 7. Re1 Ng6 8. Bxc6 Qxc6 9. d4 cxd4 10. Qxd4 f6 11. Nc3 Bc5 12. Qd3 0-0 13. b3 b6 14. Be3 Bb4 15. Nd4 Qc7 16. Rad1 Bb7 17. Nde2 Ne5 18. Qc2 f5 19. exf5 Qc6 20. Nf4 Rxf5 21. Ncd5 Rxf4 22. Bxf4 Ng6 23. Bd2 Bxd2 24. Qxd2 exd5 25. Qxd5+ Qxd5 26. cxd5 Kf7 27. Rd3 Rc8 28. g3 h5 29. Rf3+ Kg8 30. Rfe3 Bxd5 31. Re8+ Rxe8 32. Rxe8+ Kf7 33. Rb8 b5 34. Rb6 Ne5 35. Rxa6 Nf3+ 36. Kg2 Nd2+ 37. Kg1 Bc6 38. f4 Ne4 39. Ra5 g6 40. Kf1 Ke6 41. Ke2 Kd6 42. a4 b4 43. Kd3 Nf2+ 44. Kc4 Ng4 45. h3 Nf2 46. f5 g5 47. f6 Ne4 48. Kxb4 Ke6 49. f7 Kxf7 50. Rf5+ Kg6 51. Rf3 Nf6 52. Rd3 Kf5 53. a5 Bg2 54. Kc5 Ke4 55. Rd6 Ke5 56. Rd1 Bxh3 57. Re1+ Ne4+ 58. Kb6 Bg2 59. Rg1 Bf3 60. Rf1 Bg2 61. Rg1 Bf3 62. Rf1 Bg2 1/2-1/2

[Event "Cotswold op"]
[Site "Cheltenham"]
[Date "2003.05.26"]
[Round "5"]
[White "Moyse, Nigel John"]
[Black "White, Ian Graham"]
[Result "1-0"]
[WhiteElo "2043"]
[BlackElo "2008"]
[PlyCount "79"]
[EventDate "2003.05.??"]
[EventType "swiss"]
[EventRounds "6"]
[EventCountry "ENG"]
[SourceTitle "EXT 2005"]
[Source "ChessBase"]
[SourceDate "2004.11.15"]
[SourceVersion "1"]
[SourceVersionDate "2004.11.15"]
[SourceQuality "1"]

1. d4 Nf6 2. c4 g6 3. Nc3 d5 4. cxd5 Nxd5 5. e4 Nxc3 6. bxc3 Bg7 7. Be3 c5 8. Rc1 Qa5 9. Qd2 0-0 10. Nf3 Rd8 11. Bc4 cxd4 12. cxd4 Qxd2+ 13. Kxd2 Nc6 14. Bd5 Nxd4 15. Bxd4 Bxd4 16. Nxd4 e6 17. Bxe6 Bxe6 18. Ke3 Bxa2 19. Rc7 Re8 20. Kf4 Rad8 21. Rd1 a5 22. f3 b5 23. Rc5 Bc4 24. g4 a4 25. Ke3 a3 26. Ra1 Rxd4 27. Kxd4 Rd8+ 28. Rd5 Ra8 29. Rd7 a2 30. Rc7 Ra4 31. Ke5 Kg7 32. Rb7 Rb4 33. Rd7 Rb1 34. Rd1 Rb2 35. h4 Be2 36. Rd7 b4 37. h5 Bc4 38. h6+ Kxh6 39. Kf6 Rb1 40. Rd1 1-0

[Event "Cotswold op"]
[Site "Cheltenham"]
[Date "2003.05.25"]
[Round "4"]
[White "Beveridge, Nigel"]
[Black "White, Ian Graham"]
[Result "0-1"]
[WhiteElo "2022"]
[BlackElo "2008"]
[PlyCount "72"]
[EventDate "2003.05.??"]
[EventType "swiss"]
[EventRounds "6"]
[EventCountry "ENG"]
[SourceTitle "EXT 2005"]
[Source "ChessBase"]
[SourceDate "2004.11.15"]
[SourceVersion "1"]
[SourceVersionDate "2004.11.15"]
[SourceQuality "1"]

1. g3 Nf6 2. Bg2 d5 3. Nf3 g6 4. b4 Bg7 5. Bb2 0-0 6. 0-0 c6 7. d3 Nbd7 8. Nbd2 Re8 9. c4 e5 10. Qb3 e4 11. dxe4 dxe4 12. Ng5 e3 13. fxe3 Qe7 14. e4 h6 15. Nh3 a5 16. a3 axb4 17. axb4 Rxa1 18. Bxa1 Ne5 19. Nf4 g5 20. Nd3 Nfg4 21. Nxe5 Bxe5 22. Nf3 Bxa1 23. Rxa1 Qxe4 24. Qd3 Qxe2 25. Qxe2 Rxe2 26. Ra8 Re8 27. Bh3 f5 28. Bxg4 fxg4 29. Nd4 Kf7 30. Rb8 Rd8 31. Nb3 Ke7 32. Nc5 Rd1+ 33. Kg2 Kd8 34. Ne6+ Kd7 35. b5 cxb5 36. cxb5 Rb1 0-1

[Event "South Wales Winter op"]
[Site "Newport"]
[Date "2003.01.05"]
[Round "4"]
[White "White, Ian Graham"]
[Black "Sherwin, James T"]
[Result "0-1"]
[WhiteElo "2008"]
[BlackElo "2323"]
[PlyCount "80"]
[EventDate "2003.01.03"]
[EventType "swiss"]
[EventRounds "5"]
[EventCountry "WLS"]
[SourceTitle "EXT 2006"]
[Source "ChessBase"]
[SourceDate "2005.11.24"]
[SourceVersion "1"]
[SourceVersionDate "2005.11.24"]
[SourceQuality "1"]

1. e4 c5 2. c3 e6 3. Nf3 d5 4. d3 Nc6 5. Nbd2 Nge7 6. g3 g6 7. Bg2 Bg7 8. 0-0 0-0 9. Qc2 b6 10. Re1 Ba6 11. a3 dxe4 12. dxe4 Bd3 13. Qd1 Qc7 14. Bf1 Rad8 15. Bxd3 Rxd3 16. Qe2 Rfd8 17. Kg2 Qb7 18. Rf1 e5 19. Ne1 R3d7 20. Ndf3 Na5 21. Qc2 c4 22. Kg1 Nb3 23. Rb1 Nc5 24. Nd2 b5 25. f3 Bh6 26. f4 f5 27. exf5 Nxf5 28. Ndf3 exf4 29. gxf4 Nd3 30. Ne5 Nxe5 31. fxe5 Bxc1 32. Qxc1 Qb6+ 33. Kh1 Ne3 34. Rf3 Rd1 35. Qxe3 Qxe3 36. Rxd1 Qxf3+ 37. Nxf3 Rxd1+ 38. Kg2 Rb1 39. Nd4 Rxb2+ 40. Kg3 Rb3 0-1

[Event "South Wales Winter op"]
[Site "Newport"]
[Date "2003.01.04"]
[Round "2"]
[White "White, Ian Graham"]
[Black "Helbig, Paul"]
[Result "1/2-1/2"]
[WhiteElo "2008"]
[BlackElo "2195"]
[PlyCount "56"]
[EventDate "2003.01.03"]
[EventType "swiss"]
[EventRounds "5"]
[EventCountry "WLS"]
[SourceTitle "EXT 2006"]
[Source "ChessBase"]
[SourceDate "2005.11.24"]
[SourceVersion "1"]
[SourceVersionDate "2005.11.24"]
[SourceQuality "1"]

1. e4 g6 2. d4 d6 3. c3 Bg7 4. Nf3 Nf6 5. Nbd2 0-0 6. Bc4 Nc6 7. 0-0 e5 8. dxe5 Nxe5 9. Nxe5 dxe5 10. Qc2 Bh6 11. Nf3 Bxc1 12. Raxc1 Qe7 13. Rfe1 Bd7 14. Rcd1 Bg4 15. Re3 Rad8 16. Rde1 Rd6 17. Be2 Rfd8 18. g3 Nd7 19. Kg2 Nc5 20. Bc4 Kg7 21. b4 Bxf3+ 22. Rxf3 Rd2 23. Qc1 Nd3 24. Qxd2 Nf4+ 25. Rxf4 Rxd2 26. Rxf7+ Qxf7 27. Bxf7 Kxf7 28. a4 Ra2 1/2-1/2

[Event "WLS-ch"]
[Site "Swansea"]
[Date "2003.??.??"]
[Round "6"]
[White "May, Frank"]
[Black "White, Ian Graham"]
[Result "1-0"]
[WhiteElo "2161"]
[BlackElo "2008"]
[PlyCount "77"]
[EventDate "2003.??.??"]
[EventType "swiss"]
[EventRounds "7"]
[EventCountry "WLS"]
[SourceTitle "EXT 2005"]
[Source "ChessBase"]
[SourceDate "2004.11.15"]
[SourceVersion "1"]
[SourceVersionDate "2004.11.15"]
[SourceQuality "1"]

1. d4 f5 2. Nc3 Nf6 3. Bg5 Nc6 4. Nf3 d6 5. Bxf6 exf6 6. e3 g6 7. Bb5 Bd7 8. 0-0 Bg7 9. d5 Ne5 10. Bxd7+ Qxd7 11. Nd4 0-0 12. Ne6 Rfe8 13. Ne2 Re7 14. c4 Bh6 15. Rc1 c6 16. N2d4 Nf7 17. b4 Ne5 18. h3 a5 19. a3 Nf7 20. Qb3 axb4 21. axb4 Rc8 22. Rc3 Nd8 23. Nxd8 Qxd8 24. Ne6 Qd7 25. Rfc1 Bf8 26. b5 c5 27. Ra1 Ree8 28. Qb2 Be7 29. Rca3 Kf7 30. R3a2 Bd8 31. Qc2 Bb6 32. Qd3 Rb8 33. Kf1 Rg8 34. Qd1 Rbe8 35. Qf3 Qe7 36. Qf4 Rh8 37. Qh6 Reg8 38. Ra8 Rxa8 39. Qg7+ 1-0

[Event "South Wales Autumn op"]
[Site "Wales"]
[Date "2003.??.??"]
[Round "5"]
[White "White, Ian Graham"]
[Black "Zeidler, Sven P"]
[Result "0-1"]
[WhiteElo "1950"]
[BlackElo "2245"]
[PlyCount "48"]
[EventDate "2003.??.??"]
[EventType "swiss"]
[EventRounds "5"]
[EventCountry "WLS"]
[SourceTitle "EXT 2007"]
[Source "ChessBase"]
[SourceDate "2006.11.23"]
[SourceVersion "1"]
[SourceVersionDate "2006.11.23"]
[SourceQuality "1"]

1. e4 d5 2. exd5 Qxd5 3. d4 e5 4. dxe5 Qxd1+ 5. Kxd1 Nc6 6. Bf4 Bc5 7. f3 Nge7 8. Nd2 Nd5 9. Ne2 Be6 10. c3 0-0-0 11. Ke1 Be3 12. Bxe3 Nxe3 13. Rc1 Nxe5 14. Nd4 Rhe8 15. b3 c5 16. Nxe6 Rxe6 17. Ne4 Nxf1 18. Kxf1 f5 19. Nxc5 Rc6 20. b4 b6 21. Na4 Rd2 22. Ra1 Nd3 23. h4 Re6 24. Rh3 Rxa2 0-1